| 000 | 00532nam a2200193Ia 4500 | ||
|---|---|---|---|
| 005 | 20240401091740.0 | ||
| 008 | 131103s9999 xx 000 0 und d | ||
| 020 | _a0 590 00487 5 | ||
| 040 | _aLoreto College | ||
| 041 | _aEnglish | ||
| 082 |
_a420.7 _bMOG |
||
| 100 | _aMoger, Susan | ||
| 245 |
_aCelebrate the millennium _b activity book _cSusan Moger |
||
| 260 |
_aNew York _bScholastic Professional Books _c1999 |
||
| 300 |
_a60p. _b ill. |
||
| 650 | _aEnglish language - Study & teaching | ||
| 850 | _aLCBED | ||
| 942 | _cBK | ||
| 999 |
_c27898 _d78377 |
||